| 000 | 00690nam a2200217 i 4500 | ||
|---|---|---|---|
| 001 | 103794 | ||
| 003 | ES-MaACL | ||
| 005 | 20250728103613.0 | ||
| 007 | t| | ||
| 008 | 051118s1978 sp ||||1| spa d | ||
| 100 | 1 |
_aMeslier, Jean. _980663 |
|
| 245 | 1 | 0 |
_aCrítica de la religión y del estado / _cJean Meslier; edición a cargo de Menene Gras Balaguer. |
| 260 |
_aBarcelona : _bPenínsula, _c1978. |
||
| 300 |
_a247 p. ; _c19 cm. |
||
| 490 | 1 | _aEdiciones de bolsillo | |
| 650 | 4 |
_aReligión- _xFilosofía _916799 |
|
| 700 | 1 |
_aGras Balaguer, Menene. _959682 |
|
| 830 | 0 |
_aEdiciones de bolsillo _9180756 |
|
| 852 |
_aES-MaACL _jA-8276 _bR.97224 |
||
| 999 |
_c103794 _d103794 |
||